Statistics for 50 највећих градова свијета у 1920. години

Click here to take the quiz!

General Stats

  • This quiz has been taken 142 times
  • The average score is 26 of 47

Answers on the Map

Answers color-coded by a green-red scale on the quiz's map according to % correct below.
Loading ...
 

Answer Stats

популацијаград% Correct
950,000Москва
99%
7,236,000Лондон
98%
4,965,000Париз
97%
742,000Мадрид
97%
4,025,000Берлин
96%
8,047,000Њујорк
94%
4,168,000Токио
93%
1,000,000Истанбул
91%
900,000Пекинг
87%
1,845,000Беч
83%
839,000Лос Анђелес
81%
1,325,000Рио де Жанеиро
80%
865,000Каиро
79%
920,000Варшава
75%
1,225,000Будимпешта
75%
2,306,000Манчестер
74%
910,000Сиднеј
73%
905,000Сан Франциско
72%
3,315,000Чикаго
72%
1,700,000Шангај
68%
720,000Петроград
68%
762,000Напуљ
67%
704,000Копенхаген
67%
1,201,000Ливерпул
65%
775,000Мелбурн
64%
1,070,000Брисел
59%
2,275,000Буенос Ајрес
57%
1,275,000Мумбај
55%
2,210,000Бостон
50%
1,545,000Хамбург
48%
1,630,000Глазгов
43%
810,000Франкфурт
40%
1,694,000Бирмингем
39%
2,302,000Филаделфија
37%
1,889,000Осака
34%
1,820,000Калкута
31%
1,445,000Лидс
23%
798,000Њукасл
23%
1,199,000Детроит
20%
741,000Монтреал
19%
1,261,000Питсбург
14%
800,000Вухан
13%
924,000Кливленд
8%
747,000Балтимор
6%
800,000Тјенцин
3%
800,000Кантон
2%
978,000Св Луис
1%

Score Distribution

Percentile by Number Answered

Percent of People with Each Score

Your Score History

You have not taken this quiz